00677nam a2200169 a 450000100100000000500170001000800410002704000250006808200150009310000310010824501690013926000400030830000200034804900090036895201130037799900170049000002950420200930055610.0110418s19uu dr 000 0 spa d aDO-SdBNPbspacBNPHU axxxbB431e1 aBelis B. Ramón A.95636710aEnsayo monográfico de la foresta nacional :blocalización - conservación y regimén administrativo de los montes de la Rep. Dominicana /cRamón A. Belis B. aSanto Domingo :bMarrero,c[19--?]. a27 p. ;c18 cm. aBNPD 0010718PDaPDbPDcCTd2011-04-18iLF1l0oxxx B431ep29504-10r2020-06-25w2020-06-25yLFPDZNo se presta c28996d28996